00000000nam 2200000zi 4500
0019.869087
003CaOODSP
00520250318162251
006m     o  d f      
007cr |||||||||||
008190228t20192019onco    o    f000 0 ger d
020 |a9780660298054|qPDF
020 |z9780660298931|qprint
040 |aCaOODSP|beng|erda|cCaOODSP
043 |an-cn---
0861 |aH164-257/1-2019Ger-PDF|zH164-257/1-2019D|zH164-257/1-2019D-PDF
24500|a[Canada's food guide] : |b[eat well. Live well].
24613|aKanadas Ernährungsleitfaden : |bEssen Sie gesund. Leben Sie gesund
250 |a[German edition].
264 1|a[Ottawa] : |bHealth Canada = Santé Canada, |c[2019]
264 4|c©2019
300 |a1 online resource (2 unnumbered pages) : |bcolour photographs
336 |atext|btxt|2rdacontent
337 |acomputer|bc|2rdamedia
338 |aonline resource|bcr|2rdacarrier
500 |aIssued also in HTML format.
500 |aEnglish title supplied by the publisher.
500 |aIssued also in English under title: Canada's food guide: Eat well. Live well.
520 |aEat a variety of healthy foods each day.
530 |aIssued also in printed form.
546 |aText in German.
69207|2gccst|aFood
69207|2gccst|aNutrition
69207|2gccst|aHealth promotion
7101 |aCanada. |bHealth Canada.
77508|tCanada's food guide : |w(CaOODSP)9.865411
7760#|tCanada's food guide : |w(CaOODSP)9.869295
792 |t[Guide alimentaire canadien] : |efre|w(CaOODSP)9.879004
85640|qPDF|s469 KB|uhttps://publications.gc.ca/collections/collection_2019/sc-hc/H164-257-1-2019-ger.pdf
8564 |qHTML|sN/A|uhttps://www.canada.ca/en/health-canada/services/canada-food-guide/resources/snapshot/languages/german-allemand.html
986 |a180845